000 00723nam a2200205Ia 4500
999 _c39674
_d39674
001 6277
003 GE_BSU
005 20191003122214.0
008 181216s1974||||ge |||||||||||||| ||geo||
040 _cGE_BSU
041 _ageo
080 _a821.353.1-31 ბ-25
100 _aბარათაშვილი, ვახტანგ
_94469
245 _aჰავაის ბულბული :
_bრომანი /
_cვახტანგ ბარათაშვილი.
264 _aთბილისი :
_bსაბჭ.საქართველო ;
_c1974.
300 _a570 გვ.;
_c21სმ.
653 _aჰავაის ბულბული
653 _aრომანი
942 _cBK
_2udc